[Кн. 1]; Источник счастья

Dades bibliogràfiques
Parent link:Дашкова, Полина Викторовна. Источник счастья: роман/ Полина Дашкова. [Кн. 1].— .— Москва: АСТ, 2007-2010
Sumari:Петр Борисович Кольт — миллиардер. Нет такой сделки, которую он не сумел бы заключить. Он может купить все, что пожелает. Он привык побеждать и не терпит поражений. Он хочет вернуть молодость и жить вечно. Петр Борисович не верит мифам о философском камне и стволовых клетках. Его интересует таинственное открытие, сделанное в Москве в 1916 году военным хирургом профессором Свешниковым. Никто не знает, в чем суть открытия. Все записи профессора исчезли во время революции и гражданской войны. Сам он тоже исчез. Неизвестно, где и когда он умер. И умер ли вообще?..
Idioma:rus
Publicat: 2007
Matèries:
Format: MixedMaterials Llibre
KOHA link:https://koha.lib.tpu.ru/cgi-bin/koha/opac-detail.pl?biblionumber=141932

MARC

LEADER 00000nam2a2200000 4500
001 141932
005 20241125103442.0
010 |a 978-5-17-042622-5 
010 |a 978-5-271-16502-3 
035 |a (RuTPU)RU\TPU\book\153830 
035 |a RU\TPU\book\153821 
090 |a 141932 
100 |a 20080828d2007 m||y0rusy50 ca 
101 0 |a rus 
102 |a RU 
105 |a y z 000ay 
181 0 |a i   |b  e  
182 0 |a n 
183 0 |a nc  |2 RDAcarrier 
200 0 |a [Кн. 1] 
203 |a Текст  |b визуальный  |c непосредственный 
210 |d 2007 
215 |a 543 с. 
283 |a volume  |2 RDAcarrier 
330 |a Петр Борисович Кольт — миллиардер. Нет такой сделки, которую он не сумел бы заключить. Он может купить все, что пожелает. Он привык побеждать и не терпит поражений. Он хочет вернуть молодость и жить вечно. Петр Борисович не верит мифам о философском камне и стволовых клетках. Его интересует таинственное открытие, сделанное в Москве в 1916 году военным хирургом профессором Свешниковым. Никто не знает, в чем суть открытия. Все записи профессора исчезли во время революции и гражданской войны. Сам он тоже исчез. Неизвестно, где и когда он умер. И умер ли вообще?.. 
461 1 |0 142555  |9 142555  |a Дашкова, Полина Викторовна  |t Источник счастья  |o роман  |o [в 3 кн.]  |v [Кн. 1]  |f Полина Дашкова  |c Москва  |n АСТ  |n Астрель  |d 2007-2010 
606 1 |a Русская литература современная  |9 50316 
610 1 |a детективы 
610 1 |a романы 
610 1 |a художественная литература 
675 |a Р2  |v 4 
801 1 |a RU  |b 63413507  |c 20080828  |g PSBO 
801 2 |a RU  |b 63413507  |c 20081029  |g PSBO 
942 |c BK